000 01226 a2200217 4500
001 134363
020 _a85-02-05019-2
040 _cLeonardo Da Vinci
041 _aPortuguês
082 _a342.810 B83e
_bB83e
100 _aBRASIL
245 _aEstrangeiro
_bA Lei nº 6.815, de 19-8-1980 (estatuto do estrangeiro), atualizada pela Lei nº 6.964, de 9-12-1981, acompanhada de seu regulamento (Decreto nº 86.715, de 10-12-1981), e dos principais diplomas legais que compõem o regime jurídico do estrangeiro, inclusive os novos valores de emolumentos e taxas (Portarias ns. 137, de 1-3-1983, e Decreto-lei nº 2.236, de 23-1-1985) e concessão da permanência no Brasil aos estrangeiros registrados provisoriamente (Lei nº 7.180, de 20-12-1983). Além de dispositivos do Regimento Interno e Súmulas do Supremo Tribunal Federal, acompanham Índices Sistemáticos, Numérico e Alfabético- Remissivos
250 _a5.ed
260 _bSaraiva
_c1985
_aSão Paulo
300 _a156
362 _a19850000
490 _aLegislação brasileira
500 _aOrganização dos textos, notas remissivas e indices (Juarez de Oliveira)
697 _aDireito
_aLegislação
_aLeis
_aEstrangeiro
_aBrasil
_aFIPEN
942 _cBK
999 _c134363
_d134363